| 000 | 00736nas a2200241 4500 | ||
|---|---|---|---|
| 001 | BR8705729 | ||
| 003 | BR-BrBNA | ||
| 005 | 20231205090811.0 | ||
| 007 | ta | ||
| 008 | 230509b bl.|||p| |||| 00| 00por d | ||
| 040 |
_aBR-BrBNA _bpor _cBiblioteca Nacional de Agricultura |
||
| 041 | _a(Pt) | ||
| 072 | _aL50 | ||
| 100 | 1 | _aTenuta Filho, A. | |
| 100 | 1 | _aZucas, S.M. | |
| 245 | 1 | _aCefalotorax de camarao-rosa, 4: recuperacao e avaliacao quimica da proteina | |
| 650 | _aCAMARAO ROSA | ||
| 650 | _aANALISE QUIMICA | ||
| 650 | _aPROTEINA | ||
| 773 | 0 |
_tCiencia e Tecnologia de Alimentos (Brazil) _xISSN 0101-2061 _g(Jul-Dec 1985), v. 5(2) p. 78-85 _wBR8705729 |
|
| 909 |
_a202311 _bLúcia _c55 _dLúcia Elande |
||
| 942 |
_2AGRIS _n0 _cANA |
||
| 999 |
_c120927 _d120927 |
||